[Event "Brno Morava-A"]
[Site "Brno"]
[Date "1991.??.??"]
[Round "1"]
[White "Stohl, Igor"]
[Black "Rogers, Ian"]
[Result "1/2-1/2"]
[WhiteElo "2555"]
[BlackElo "2565"]
[Annotator "Stohl,I"]
[PlyCount "122"]
[EventDate "1991.09.??"]
[EventType "tourn"]
[EventRounds "9"]
[EventCountry "CSR"]
[EventCategory "13"]
[SourceTitle "CBM 026"]
[Source "ChessBase"]
[SourceDate "1992.02.01"]
[SourceVersion "1"]
[SourceVersionDate "1992.02.01"]
[SourceQuality "1"]

1. d4 Nf6 2. c4 c6 3. Nc3 d5 4. e3 e6 5. Nf3 Nbd7 6. Qc2 Bd6 7. Be2 O-O 8. O-O
(8. Bd2 $5) 8... dxc4 (8... e5 $10) 9. Bxc4 Qe7 (9... b5 $5 10. Be2 Bb7 $13)
10. a3 e5 (10... c5 11. dxc5 Bxc5 12. b4 $14 {/\Bb2}) (10... b5 $5 11. Ba2 Bb7
$13 {J.Horvath}) 11. h3 Bc7 12. Ba2 h6 13. Nh4 Re8 (13... exd4 14. Nf5 Qe5 15.
f4 Qe8 16. Nxd4 $14) 14. Nf5 Qf8 15. d5 $5 {N} (15. Nb5 Bb8 16. Bd2 a5 17. dxe5
Rxe5 $1 (17... Bxe5 18. f4 $1 Bb8 19. Nc3 Rd8 20. Be1 $1 $16 {Karpov,An-Anand,
V,Brussels cq 1991-CBM 25}) 18. Nc3 Nc5 $13 {Anand}) 15... e4 $1 (15... g6 16.
dxc6 (16. d6 $5 Bb8 $13) 16... bxc6 17. Ng3 $14 {><c6}) (15... Nb6 16. dxc6
bxc6 17. e4 Bxf5 18. exf5 e4 19. Nb5 $1 $36) 16. dxc6 bxc6 17. Nb5 $8 (17. Nd5
$2 Nxd5 18. Bxd5 Nf6 19. Bxc6 Bxf5 20. Bxa8 Qd6 $19) (17. Ng3 Ba6 $36) 17...
Bb8 $1 (17... cxb5 18. Qxc7 Ne5 19. Nd4 Bd7 20. Bd2 $14) 18. Qxc6 Ne5 19. Qxa8
(19. Nxh6+ $6 gxh6 20. Qxf6 (20. Qxa8 Qg7 21. Kh1 Bd7 22. Qb7 Kh8 $1 23. Bd2
Rg8 24. Rg1 Nd3 25. Raf1 Bxh3 $1 26. gxh3 Qxg1+ $1 $19) 20... a5 $1 {/\Ra6-+}
21. Qh4 $44) 19... Bxf5 20. Qb7 $6 (20. Nd4 Bd7 $1 (20... Qd6 $6 21. f4 $1 Bc8
(21... exf3 22. Nxf5 $18) 22. fxe5 Qxe5 23. Rf4 $18 {/\} Bxh3 24. gxh3 Qg5+ 25.
Kf1 Bxf4 26. exf4 Qg3 27. Bxf7+ $1 Kxf7 28. Qb7+ Kg6 (28... Kf8 29. Qb4+ $18)
29. Qxg7+ $1 $18) (20... Nf3+ $6 21. gxf3 Bxh3 (21... Bh2+ 22. Kxh2 Rxa8 23.
Nxf5 exf3 24. Rg1 $18) 22. Qb7 Qc5 23. f4 $1 $16 {/\Qb5,Qf7}) (20... Bxh3 $5
21. gxh3 Qd6 {/\Nf3-+} 22. Kg2 (22. Rd1 Nf3+ 23. Kf1 Qa6+ $1 24. Kg2 (24. Ne2
Bc7 $1) 24... Nh4+ 25. Kh1 Qc8 $19) (22. f4 exf3 23. Nxf3 Nxf3+ 24. Rxf3 Qh2+
25. Kf1 Qh1+ $40) 22... Ng6 $1 23. Rh1 (23. Rd1 Qh2+ 24. Kf1 Bg3 $1 $17) (23.
Rg1 $5) 23... Nh4+ 24. Kg1 (24. Kf1 Qa6+ $40) 24... Nf3+ 25. Kg2 $10 (25. Nxf3
Qd1+ 26. Ne1 $8 Bh2+ 27. Kxh2 Rxa8 28. Ng2 Qe2 $44)) 21. Qb7 $8 Qd6 22. Qb4 Qc7
23. Qc3 Qd6 24. Qb4 $10) 20... Re7 21. Qa6 Bc8 $1 22. Qa5 Bxh3 $1 $40 23. Rd1 (
23. gxh3 $2 Nf3+ 24. Kg2 Nh4+ 25. Kg1 Qc8 $19) 23... Nd3 (23... Nf3+ $5 24. Kf1
(24. gxf3 $6 exf3 25. Rd8 Re8 26. Rxe8 Qxe8 27. Nd4 Bg2 28. Qf5 Qe5 $1 $17)
24... Nh2+ $10 {mit mindestens ewiges Schach}) 24. Qc3 $8 (24. gxh3 $2 Qc8 25.
Kg2 Qf5 $19) 24... Qd8 $5 (24... Bg4 25. Rxd3 exd3 26. Qxd3 Rd7 $146) 25. Bc4 (
25. gxh3 Qd7 26. Rxd3 exd3 $17) 25... Rd7 $2 (25... Bg4 26. f3 $5 (26. Rxd3
exd3 27. Qxd3 Rd7 28. Nd4 Be5 29. Qc2 Nd5 $40 {/\} 30. Nc6 Nb4 $1 31. axb4 Rd1+
32. Bf1 Bh2+ $1 33. Kxh2 Qh4+ 34. Kg1 Rxf1+ $1 $19) 26... Nd5 27. Qd4 Rd7 $5
$36) 26. gxh3 Nd5 27. Bxd5 $2 (27. Qc2 $8 Qh4 (27... Qg5+ 28. Kf1 Qh4 29. Bxd3
Qxh3+ 30. Ke1 $18) 28. Bxd3 Qxh3 $2 29. Qc8+ Kh7 30. Bxe4+ $18) 27... Rxd5 28.
Nd4 Qd7 $6 (28... Qh4 $1 29. Rxd3 (29. Qc8+ Rd8 30. Qf5 g6 $19) 29... Qxh3 30.
f4 Rh5 $1 $19) 29. Kf1 $8 Qxh3+ 30. Ke2 Nxf2 $1 (30... Rxd4 31. Qxd4 Qf3+ 32.
Kd2 Qxf2+ 33. Kc3 Be5 34. Rxd3 Bxd4+ 35. Rxd4 $13) (30... Rc5 $6 31. Rxd3 $16)
31. Rg1 $1 $8 (31. Rf1 Nd3 $19) (31. Kxf2 Bg3+ $19) 31... Qh2 32. Rxg7+ Kh8 (
32... Kxg7 $2 33. Nf5+ Kg6 34. Ne7+ $16) 33. Rxf7 $8 Nd3+ 34. Kd1 Qh1+ 35. Kc2
(35. Ke2 Rc5 (35... Qh5+ $2 36. Nf3+) 36. Rf8+ Kh7 37. Rf7+ Kg6 38. Rg7+ Kh5
39. Qd2 Rc2 $3 {Rogers}) 35... Rc5 36. Rf8+ (36. Bd2 $2 Qxa1 37. Ne6+ Rxc3+ 38.
Bxc3+ Be5 $19) 36... Kh7 37. Rxb8 $2 $138 (37. Qxc5 Nxc5 $17) 37... Rxc3+ $2
$138 (37... Qh2+ $1 38. Kb1 Rxc3 39. Rb7+ Rc7 $19) 38. Kxc3 $8 Nxc1 39. Rb7+
Kg6 40. Nb3 (40. Nc2 $5) 40... Ne2+ (40... Qh3 $5 41. Kc4 $1 (41. Rxc1 $2 Qc8+
42. Nc5 Qxc5+ 43. Kd2 Qd5+ $19) 41... Qc8+ 42. Nc5 Nd3 43. Rg1+ $13 {/\Rb5})
41. Kc4 Qh3 $15 42. Rd1 Qxe3 43. Rd6+ Kg5 44. Rg7+ Kh4 45. Nd4 $1 Qc1+ (45...
Ng3 $2 46. Rxg3 $1 $18) (45... Qd3+ $2 46. Kc5 $18) 46. Kb3 Qd1+ 47. Kc4 $1 (
47. Ka2 Nc1+ 48. Kb1 Nd3+ 49. Ka2 h5 $17) 47... Qc1+ 48. Kb3 Qe3+ 49. Kc4 Kh3
$5 50. Rh7 $1 (50. Nf5 $2 Qc1+ 51. Kb3 h5 $17) (50. Nxe2 Qxe2+ 51. Kc3 h5 $15)
50... Nxd4 51. Rxd4 {/\Re7} Kg4 52. Rxa7 Kf3 (52... h5 $2 53. Re7 Kf3 54. Rexe4
Qxe4 55. Rxe4 Kxe4 56. a4 $18) 53. Rf7+ Ke2 54. Re7 Qc1+ 55. Kb3 (55. Kd5 e3
56. Rde4 h5 $13) 55... e3 56. Rde4 h5 57. a4 $1 $10 {/\Re3+-} Qd1+ 58. Ka2 Qd5+
59. Ka3 Qc5+ 60. Ka2 Qd5+ (60... h4 $2 61. R7e5 $18) 61. Ka3 Qd3+ (61... Qd3+
62. Ka2 $10 {[Stohl]} (62. Kb4 $2 h4 $1 $36)) 1/2-1/2

[Event "Krynica zt"]
[Site "Krynica"]
[Date "1998.09.09"]
[Round "8"]
[White "Kempinski, Robert"]
[Black "Gdanski, Jacek"]
[Result "1-0"]
[WhiteElo "2545"]
[BlackElo "2540"]
[Annotator "Tsesarsky,I"]
[PlyCount "71"]
[EventDate "1998.09.02"]
[EventType "swiss"]
[EventRounds "9"]
[EventCountry "POL"]
[SourceTitle "CBM 067"]
[Source "ChessBase"]
[SourceDate "1998.11.30"]
[SourceVersion "2"]
[SourceVersionDate "1998.11.01"]
[SourceQuality "1"]

{[%mdl 24768]} 1. d4 d5 2. c4 c6 3. Nc3 e6 (3... Nf6 4. e3 e6 5. Nf3 Nbd7 6.
Qc2 Bb4 7. Bd2 O-O 8. Be2 dxc4 9. Bxc4 Bd6 10. O-O-O (10. O-O e5 11. h3 exd4
12. exd4 Nb6 13. Bb3 Nbd5 $11 {1/2-1/2 Stangl,M-Gabriel,C/Altensteig 1990 (32)}
) 10... Qe7 11. Rhe1 b5 12. Bd3 Bb7 13. e4 e5 $14 {Polgar,I-Flesch,J/Budapest
1965/1-0 (45)}) 4. e3 Bd6 (4... Nf6 5. Nf3 Nbd7 6. Qc2 dxc4 7. Bxc4 Bd6 8. Bd2
O-O 9. Ne4 Nxe4 10. Qxe4 Qe7 11. Bc3 Nf6 12. Qh4 Nd5 13. Qxe7 Bxe7 14. Bd2 $14
{1/2-1/2 Flohr,S-Tolush,A/URS-ch16 Moscow 1948/URS-ch (35)}) 5. Qc2 Nf6 6. Nf3
O-O 7. Bd2 Nbd7 8. Bd3 dxc4 9. Bxc4 b5 (9... Qe7 10. O-O a6 11. Rac1 (11. a4 c5
12. dxc5 Bxc5 13. e4 Ng4 $132 {Richardson,J-Gausel,E/VISA GP, Reykjavik ISL
1998/1/2-1/2 (46)}) (11. e4 e5 $11) 11... h6 12. Rfe1 $11 (12. e4 e5 13. d5 (
13. dxe5 Nxe5 14. Nxe5 Qxe5 15. g3 Qh5 $15) 13... cxd5 (13... c5 14. a4 $14)
14. Nxd5 Nxd5 15. Bxd5 Nf6 $11) 12... b5 13. Bd3 c5 14. Ne4 (14. a4 Bb7 15.
axb5 Bxf3 16. gxf3 cxd4 17. exd4 axb5 18. Nxb5 Rfb8 $44) 14... Nxe4 15. Bxe4
Ra7 16. a4 $132 {0-1 Soppe,G-Braga,F/Villa Gisell 1998/CBM 64/[Tsesarsky] (40)}
(16. Bc3 Bb7 $11)) (9... e5 10. dxe5 (10. O-O exd4 11. exd4 (11. Nxd4 Ne5 12.
Be2 Bc7 $11 {1/2-1/2 Tratar,M-Rapoport,I/op, Ceske Budejovice CZE 1996 (18)})
11... Nb6 12. Bd3 Re8 13. Rae1 Rxe1 14. Rxe1 h6 15. Ne5 Be6 16. a3 $11 {
= Sokolov,I-Beliavsky,A/Linares 1995 (24)}) 10... Nxe5 11. Nxe5 Bxe5 12. O-O-O
Qe7 $11 {Taimanov,M-Kopilov,N/URS-ch19 Moscow 1951/1-0 (70)}) (9... c5 10. O-O
a6 11. Bd3 (11. dxc5 $11) (11. a4 b6 $11 {0-1 Gallego,V-Antunes,A/Benasque op
1996 (21)}) (11. dxc5 {- 55/434}) 11... Qc7 (11... b5 12. Ne4 $16) 12. Rac1 c4
(12... b5 13. Ne4 c4 14. b3 $14) (12... b6 13. Ne4 Bb7 14. dxc5 $14) (12...
cxd4 13. exd4 $14) 13. Ne4 $1 $14 {1/2-1/2 Vyzmanavin,A-Georgiev,K/Elenite
1994 (36) (Vyzmanavin)}) (9... a6 10. Rd1 b5 11. Bd3 Bb7 12. Ng5 h6 13. Nge4
Be7 14. Nxf6+ Nxf6 15. Ne2 c5 16. dxc5 Qd5 17. Nf4 Qxc5 $11 {1/2-1/2 Epishin,
V-Galkin,A/Russian Club Cup, Maikop RUS 1998 (52)}) 10. Be2 (10. Bd3 Bb7 11. e4
(11. Rc1 $5 $14) 11... e5 12. dxe5 Nxe5 13. Nxe5 Bxe5 14. f4 Bxc3 15. Bxc3 c5 (
15... Ng4 $5) 16. e5 c4 17. Bf5 Ng4 $14 {1-0 Sokolov,I-Van De Oudeweetering,A/
Nederland tt 1994 (27)}) 10... Bb7 11. g4 $6 $15 (11. Ng5 e5 (11... h6 12. Nge4
Bc7 13. Bf3 $14) 12. Bd3 h6 13. Nge4 Bc7 14. Nxf6+ Nxf6 15. dxe5 Bxe5 $11)
11... b4 (11... Nxg4 12. Ne4 (12. Rg1 Ndf6 13. h3 (13. e4 c5 (13... b4 14. Na4
e5 15. h3 $16) 14. Nxb5 Bxe4 15. Qa4 Rb8 (15... Nxh2 16. Nxd6 Bxf3 17. dxc5
Bxe2 18. Kxe2 h5 19. Qf4 $18) 16. Nxd6 (16. dxc5 Bxc5 17. Rxg4 Bxf2+ $1 18.
Kxf2 (18. Kd1 Bxf3 19. Bxf3 Nxg4 $19) 18... Nxg4+ 19. Kg3 Bxf3 20. Bxf3 Qxd2
$19) 16... Qxd6 17. dxc5 Qxc5 18. Rxg4 Nxg4 19. Qxe4 Qxf2+ 20. Kd1 Nxh2 (20...
Qg1+ 21. Nxg1 Nf2+ 22. Kc2 Nxe4 23. Rd1 Nxd2 24. Rxd2 Rfd8 $15) 21. Nxh2 Qxh2
$17) 13... Nh2 (13... Nh6 14. e4 $18) 14. Ne5 Rc8 15. Rg2 c5 16. Rxh2 b4 17.
Rc1 bxc3 18. Bxc3 cxd4 19. exd4 Nd5 20. Bd3 Qh4 $19) 12... Be7 13. Rg1 Ngf6 (
13... f5 14. Ng3 $44) 14. Nxf6+ (14. Neg5 Rc8 15. Bd3 h6 (15... g6 $4 16. Bxg6
$1 $16) 16. Nh7 (16. Ne4 c5 $19) 16... Nxh7 17. Bxh7+ Kh8 18. Be4 f5 19. Bd3 c5
$19) 14... Bxf6 15. Bd3 (15. O-O-O Rc8 16. Qe4 Be7 17. Ne5 Nxe5 (17... g6 18.
Nxg6 (18. Bf3 Nxe5 $17) 18... fxg6 (18... hxg6 19. Rxg6+ fxg6 20. Qxg6+ Kh8 21.
Qh6+ Kg8 22. Rg1+ $18) 19. Rxg6+ Kh8 20. Rxe6 Rf7 21. f4 (21. Bc3 b4 22. Bh5
Rg7 23. Be1 Nf6 $17) 21... Nf8 $15) 18. dxe5 Qb6 19. Rxg7+ Kxg7 20. Rg1+ Bg5 (
20... Kh8 21. Bd3 f5 22. exf6 Qc5+ 23. Bc3 $18) 21. Rxg5+ Kh8 22. Bd3 f5 23.
exf6 Rf7 24. Bc3 $18) 15... g6 16. Be4 Qb6 17. b4 Bg7 18. Rc1 Rad8 $15) 12. Na4
c5 $2 $132 (12... Nxg4 $5 13. e4 e5 14. h3 Ngf6 15. dxe5 Nxe5 16. Nxe5 Bxe5 17.
Bxb4 c5 $1 (17... Re8 18. Rd1 Qc7 19. Nc5 $14) 18. Nxc5 Qd4 19. Ba3 Nxe4 $15)
13. Nxc5 $2 $15 (13. dxc5 Be4 14. Qc4 $1 (14. Qc1 $2 Rc8 (14... Ne5 15. Nxe5
Bxe5 16. O-O $14) 15. Bxb4 Ne5 16. Nxe5 (16. Qd1 Bc7 17. Bd2 Nfxg4 18. Nxe5
Nxf2 (18... Nxe5 19. Rg1 Qh4 $15) 19. Kxf2 Qh4+ 20. Kf1 Qh3+ 21. Ke1 Bxh1 (
21... Qh4+ $11) 22. Ng4 Bxh2 $15) 16... Bxh1 17. cxd6 $5 (17. Bc3 Bxc5 18. Nxc5
(18. Ba6 Rc7 19. Nxc5 Rxc5 20. b4 Rc7 21. Qb2 Nd5 $19) 18... Rxc5 19. Nd3 $17)
17... Rxc1+ 18. Rxc1 Nd5 19. Nc6 Qd7 20. Bb5 Kh8 (20... Qb7 21. d7 $1 Nxb4 22.
Ne7+ Kh8 23. Rc8 Qa8 $8 24. a3 $1 Nc2+ 25. Kd2 (25. Rxc2 Qd8 26. Nc8 a6 $17)
25... Na1 $8 26. Nc5 {[%csl Ra1]} Rd8 27. Kc1 $1 $18) 21. Nc5 Qxd6 22. Nb7 Qxh2
(22... Qc7 23. Bxf8 Qxb7 24. Ba3 $1 h5 (24... Qxb5 25. Nxa7 $1 $18) 25. Rc5
hxg4 26. Nd8 Qb8 (26... Qe7 27. Rxd5 $18) 27. Nxf7+ Kh7 28. Bd3+ g6 29. Ng5+
Kh6 30. Nxe6 $132) 23. Bxf8 Qg1+ 24. Bf1 Nxe3 25. fxe3 Qxe3+ 26. Kd1 Bxc6 27.
Nd6 Bf3+ 28. Kc2 Bxg4 $17) 14... Rc8 15. Bxb4 Ne5 16. Nxe5 Bxh1 17. Rd1 Nd5 18.
Qd4 (18. Nf3 Qc7 19. Ba3 Bxh2 20. Nxh2 Qxh2 21. Bf1 (21. c6 Rfd8 22. e4 Ne3 $19
) 21... Bf3 $17) 18... Bxe5 19. Qxe5 Qe8 20. Bc3 f6 21. Qd4 $132) 13... Bxc5 (
13... Rc8 14. Bxb4 Qb6 15. Qd2 Nxc5 16. dxc5 Bxc5 17. Ba5 Qc6 18. Rg1 $44) 14.
dxc5 Ne5 $5 (14... Be4 15. Qc1 Qc7 16. g5 (16. Bxb4 Qb7 $19) 16... Nd5 17. Qc4
Nxc5 18. Rc1 Rac8 19. O-O a5 $15) 15. Nxe5 Bxh1 16. Bxb4 Qc7 (16... Nd5 17. Ba3
$132) (16... Qd5 17. Bc3 $132) 17. Nd3 $2 $17 (17. f4 Qb7 (17... Nd5 18. Bd2 f6
19. Nc4 Qxc5 20. Kf2 $16) 18. Bc3 Qg2 19. O-O-O $132) 17... Nd5 (17... Qxh2 $17
) 18. Ba3 Qxh2 19. O-O-O Be4 20. Rf1 f5 $5 (20... Rfd8 $17) 21. Qd2 (21. gxf5
Rxf5 22. Qa4 Bxd3 23. Bxd3 Rxf2 24. Qc6 (24. Qe4 Rxf1+ 25. Bxf1 Rd8 $19) 24...
Rxf1+ 25. Bxf1 Rd8 26. Qxe6+ Kh8 $19) 21... Rad8 (21... f4 $17) 22. c6 Rf7 $2
$132 {[%csl Rd8]} (22... Rfe8 23. gxf5 (23. Nc5 Nf4 $19) 23... Qc7 24. Kb1 Qxc6
25. f3 Bxd3+ 26. Bxd3 exf5 $17) 23. Nc5 {[%cal Gd2d8]} Bg2 (23... Qc7 24. Rd1 (
24. f3 Nf4 $19) 24... Qxc6 25. f3 Rfd7 26. fxe4 Nf4 27. exf4 Rxd2 28. Rxd2 Rxd2
29. Kxd2 $14) 24. Rd1 Rc8 (24... Rc7 25. Bb5 Rb8 26. Ba4 Nb6 27. Na6 Rxc6+ 28.
Bxc6 Rc8 29. f3 Rxc6+ 30. Nc5 Qc7 31. Qxg2 Nc4 32. Bb4 Nxe3 33. Qe2 Rxc5+ 34.
Kb1 Re5 35. Bc3 Nxd1 36. Bxe5 Qc5 37. Bf4 Qd5 38. Bd2 fxg4 39. fxg4 h5 40. Qxd1
hxg4 41. Kc2 g3 $14) (24... Qd6 25. Bb5 Rc7 26. gxf5 exf5 27. e4 fxe4 28. Bc4
e3 29. fxe3 Bf3 30. e4 Bxe4 31. Nxe4 $18) 25. gxf5 Rxf5 (25... Rxc6 26. Bb5
Rxc5+ 27. Bxc5 Rc7 28. b4 a5 29. Bc4 Qh4 30. Qd4 Qxd4 31. exd4 exf5 32. bxa5
$18) 26. Bg4 Qe5 $5 (26... Bf3 27. Bxf5 (27. Bxf3 Rxf3 28. Nxe6 Rxc6+ 29. Bc5 (
29. Nc5 Nb6 30. Kb1 Qxf2 $19) 29... Rf6 (29... Rxe6 30. Qxd5 Qe5 (30... Rff6
31. f4 (31. Qd8+ Kf7 32. f4 h6 $132) 31... Qf2 32. Qd8+ Kf7 33. f5 $1 Qxf5 (
33... Rxf5 34. Qd7+ Kf6 35. Bd4+ $18) 34. Qc7+ Kg6 35. Rg1+ $18) 31. Qxf3 Qxc5+
32. Kb1 $16) 30. Qxd5 Rfxe6 31. f4 h6 32. Kb1 (32. f5 Qe5 33. Kb1 Qxd5 34. Rxd5
$132) 32... Kh7 $132)) 27. Bxf5 Qxf5 (27... exf5 28. e4 $1 $18) 28. Rg1 (28. f4
Bf3 29. Rf1 Be4 30. Rg1 Rxc6 31. Qd4 Nf6 32. b4 Kf7 33. Bb2 h6 (33... Bb1 34.
Qc4 Bd3 35. Qd4 Bb1 $11) 34. Bc3 Bd5 35. Kb2 $132) (28. Qa5 Rxc6 $132) 28...
Bf3 $8 29. Qd4 (29. Qa5 Qf7 30. e4 Nb6 31. Qd2 e5 (31... Rxc6 32. Qd8+ Qf8 33.
Qxf8+ Kxf8 34. Rg3 Bxe4 35. Kd1 Bg6 36. Nxe6+ Kg8 37. Nd4 $132) 32. Qg5 Qf4+ (
32... g6 33. Qxe5 Nc4 34. Qd4 Nxa3 35. bxa3 Rxc6 36. Kb2 $132) 33. Qxf4 exf4
34. Kd2 (34. e5 $2 h5 $1 35. b3 $2 h4 $19) 34... Nc4+ 35. Kd3 Nxa3 36. bxa3
Rxc6 37. Kd4 h6 $15) 29... g6 (29... e5 30. Qa4 Qf7 31. Qb3 Nf6 $11) 30. e4
Qf4+ 31. Kb1 Rxc6 32. Ka1 Kf7 $4 $18 (32... Rc8 33. Qc4 Re8 34. Nb7 Qc7 35.
Qxc7 Nxc7 36. Nd6 $132) 33. Nd3 (33. Qh8 $18) 33... Qh2 34. Rb1 Ne7 (34... Kg8
35. exd5 Bxd5 $18) 35. Ne5+ Kf8 36. Nxc6 1-0

[Event "ISR-ch op"]
[Site "Ramat Aviv"]
[Date "1999.04.06"]
[Round "7"]
[White "Tsesarsky, Ilya"]
[Black "Kaspi, Alexander"]
[Result "1-0"]
[WhiteElo "2430"]
[BlackElo "2510"]
[Annotator "Tsesarsky,I"]
[PlyCount "167"]
[EventDate "1999.03.28"]
[EventType "swiss"]
[EventRounds "9"]
[EventCountry "ISR"]
[SourceTitle "CBM 070"]
[Source "ChessBase"]
[SourceDate "1999.06.08"]
[SourceVersion "1"]
[SourceVersionDate "1999.06.08"]
[SourceQuality "1"]

1. Nf3 {[%mdl 11776]} d5 2. d4 c6 3. c4 Nf6 4. Nc3 e6 5. e3 Nbd7 6. Qc2 Bd6 7.
Bd3 O-O 8. O-O dxc4 9. Bxc4 h6 10. Rd1 (10. e4 e5 11. Rd1 Qc7 12. g3 exd4 13.
Nxd4 Ne5 14. Be2 Rd8 15. Bf4 Bg4 16. Bxg4 Nfxg4 17. Rac1 Bc5 18. Nce2 Bxd4 19.
Nxd4 Rxd4 20. Rxd4 Nf3+ 21. Kg2 Nxd4 22. Bxc7 Nxc2 23. Rxc2 Rc8 24. Bf4 g5 25.
Bc1 Rd8 26. Rd2 Rxd2 27. Bxd2 $14) 10... Qe7 $2 $16 11. e4 Bb8 (11... e5 12.
Nh4 Nb6 13. Ng6 Qc7 14. dxe5 (14. Nxf8 Nxc4 15. Ne2 b5 16. dxe5 Nxe5 17. f4
Qb6+ 18. Kh1 Neg4 19. Rxd6 Nf2+ 20. Kg1 Nh3+ 21. Kh1 Nxe4 22. gxh3 Nxd6 23.
Qh7+ Kxf8 24. Qh8+ Ke7 25. Qxg7 Qf2 $17) 14... Bxe5 15. Nxe5 Qxe5 16. Be2 (16.
Bd3 Ng4 17. g3 Qh5 18. f4 Be6 19. b3 Qc5+ 20. Kg2 Rad8 21. h3 Nf2 22. Qxf2
Bxh3+ 23. Kg1 Qxc3 24. Bb2 Qb4 $17) 16... Ng4 17. Bxg4 Bxg4 18. f3 Be6 19. Be3
Rfd8 20. Qf2 Nc4 21. Bd4 Qh5 22. b3 Ne5 23. Bxa7 $16) 12. e5 Nd5 13. Qe4 f5 14.
exf6 N7xf6 15. Qh4 Bd7 (15... Qb4 16. Ne5 Nxc3 17. bxc3 Qxc3 18. Bxh6 gxh6 19.
Rac1 Qa3 20. Qxh6 Bxe5 21. dxe5 Nh7 22. Rd3 Qe7 23. Rg3+ Kh8 24. Bd3 Rf7 25.
Rc4 Bd7 26. Rh4 Rg8 27. Bg6 Rgg7 (27... Rfg7 28. Rgh3 $18) 28. Bxf7 Qxf7 29.
Rf4 Qe7 30. Rxg7 Qxg7 31. Qh5 b5 32. Rf7 Be8 33. Rxg7 Bxh5 34. Rxa7 c5 35. Rc7
c4 36. f4 $16) 16. Re1 Qb4 17. Ne5 Be8 18. a3 Qd6 19. Bd2 a5 (19... Bc7) 20.
Rad1 Bc7 (20... Bh5 21. Rc1 $16 (21. g4 Bxg4 22. Nxg4 Nxg4 23. Qxg4 Qxh2+ 24.
Kf1 Rxf2#)) 21. Bc1 Nxc3 22. bxc3 Nd5 23. Rd3 Qd8 24. Qe4 $18 (24. Qg4 Rf6 25.
Rh3 Bxe5 26. dxe5 Rg6 27. Qf3 b5 28. Bd3 $16) 24... Rf6 25. Rg3 Kh8 26. Rh3 $2
$16 (26. Bd3 Rf5 27. Qg4 Qf6 28. Bxf5 exf5 29. Qf3 $18) (26. Qg4 Qe7 27. Qh4
Qf8 28. Rh3 b5 29. Bb3 c5 30. Bg5 Bxe5 31. Rxe5 Rf5 32. Rxf5 Qxf5 33. Bxh6 Bg6
(33... Qb1+ 34. Bc1+ Kg8 35. Qh8+ Kf7 36. Rf3+ Ke7 37. Qxg7+ Kd6 38. dxc5+ Kxc5
39. Qd4+ Kd6 40. Qd1 $18) 34. Bc1+ Bh7 35. dxc5 Qb1 36. Bd1 Nf6 37. Qg5 $18)
26... Bxe5 27. dxe5 Bg6 28. exf6 (28. Qg4 Bf5 29. Qh5 Rg6 30. Bd3 Bxd3 31. Rxd3
Qe8 32. Kh1 (32. c4 Rxg2+)) 28... Bxe4 29. fxg7+ Kxg7 30. Bxh6+ Kf7 31. Rxe4
Qb6 32. Rf3+ Ke7 33. Bf1 Qb1 34. Rg4 b5 35. c4 bxc4 36. Rxc4 Kd6 (36... Rh8 37.
Bg5+ Kd6 38. h4 $16) 37. h4 $2 $132 (37. Bf8+ $1 Kd7 38. Bc5 e5 (38... Rh8 39.
Rf7+ Kd8 40. Ra7 Rh7 41. Rxa5 $18) 39. Rg4 (39. Rf7+ Ke6 40. Rg7 Rb8 41. f3 Qd1
42. Bf2 Rb1 43. Rxc6+ Kf5 44. Rf7+ Kg5 45. h4+ Kh5 46. g4#) 39... Nf4 40. g3
$16) 37... Rb8 38. Bf8+ Kd7 39. Bc5 e5 40. Rg4 (40. Rf7+ Ke6 41. Rf8 Rxf8 42.
Bxf8 Nf4 43. g3 Ne2+ 44. Kg2 Nd4 $132) 40... Nf4 (40... Rb5 41. Rg7+ Ke6 42.
Bf8 Qd1 43. Rg6+ Kd7 44. Rd6+ Kc7 45. Rf7+ Kc8 46. Rxc6+ Kd8 47. Ra6 Ke8 48.
Rh7 Nb6 49. Bb4 axb4 50. Raa7 $18) 41. Re3 Qa1 42. Rg7+ Ke6 43. Re7+ Kf5 (43...
Kd5 44. R7xe5+ Qxe5 45. Bc4+ (45. Rxe5+ Kxe5 46. g3 Ne6 47. f4+ Kd5 48. Be7 Nd4
49. Bg2+ Ke6 50. Bc5 Rb1+ 51. Kh2 Nb3 52. Bf8 Kf7 53. Bd6 Ra1 (53... Ke6 54.
Be5 c5 55. h5 $16) 54. f5 $16) 45... Kxc4 46. Rxe5 Nd3 47. Bd6 Rb1+ 48. Kh2
Nxe5 49. Bxe5 Rb3 50. h5 Kd5 51. f4 Rb7 52. g4 $16) 44. g4+ $5 (44. R7xe5+ Qxe5
45. g4+ Kf6 46. g5+ Kf5 47. Rxe5+ Kxe5 48. Kh2 Rb3 $44) 44... Kxg4 $4 $18 (
44... Kg6 $1 45. R3xe5 (45. h5+ Kh6) 45... Rb1 46. h5+ Nxh5 47. gxh5+ Kf6 48.
R7e6+ Kf7 $11) 45. R7xe5 $18 Rb3 (45... Nh3+ 46. Kg2 Nf4+ 47. Kh2 Qxf1 48. Rg3+
Kxh4 49. Be7#) 46. f3+ Kg3 47. Rg5+ Kxh4 48. Rg4+ Kh5 49. Rxb3 Nh3+ (49... Qc1
50. Bd6 (50. Rxf4 $4 Qxc5+ 51. Kh1 Qc1 52. Rf5+ Kg6 53. Re5 Qxf1+ $14) 50...
Nh3+ 51. Kg2 Qc2+ 52. Kxh3 Qxb3 53. Be2 $18) 50. Kg2 Qa2+ 51. Kxh3 Qxb3 52. Bg2
(52. Be2 $4 Qc2 $11) (52. Kg3 Qc3 53. Bf8 $18) 52... Qe6 53. a4 Qf5 54. Be3 c5
55. Kg3 Qe5+ 56. Bf4 Qe1+ 57. Kh3 Qe6 58. Kg3 Qe1+ 59. Kh2 Qf2 60. Rg5+ Kh6 61.
Rxc5+ Kg6 62. Rg5+ Kf6 63. Rg4 Kf5 64. Bg3 Qd2 65. Re4 Kf6 66. Be5+ Kf5 67. Bf4
Qb2 68. Bg3 Qd2 69. Re5+ Kf6 70. f4 Qb4 71. Bh4+ Kf7 72. Re7+ Kf8 73. Re4 Qb2
74. f5 Qb8+ 75. Kh3 Qb3+ 76. Kg4 Qc2 77. Bf3 Kf7 78. Bg5 Qb1 79. Re7+ Kf8 80.
f6 Qg1+ 81. Kh5 Qh2+ 82. Kg6 Qg1 83. Rb7 Qg3 84. Rb8+ (84. Rh7 $18) 1-0